=LDR 00000nam 2200000 4500 =001 INLIS000000000013532 =005 20130612104918 =008 ***********************************Ind** =035 ##$$0010-061300000013532 =041 ##$$a Ind =082 ##$$a 633.88 =090 ##$$a 633.88, Win s =100 ##$$a winarto, W.p =245 ##$$a Sambiloto budi daya =260 ##$$a 2004 $b Jakarta =300 ##$$a 71 hlm, Ilus, 21 cm =650 ##$$a Tanaman obat =850 ##$$a NBPNMAT =990 ##$$a 79157915 =990 ##$$a 01201807915